| 000 | 00433nam a2200157Ia 4500 | ||
|---|---|---|---|
| 005 | 20250326130640.0 | ||
| 008 | 250326s9999 xx 000 0 und d | ||
| 037 | _aTextbook | ||
| 040 |
_aFMSL _beng _cFMSL |
||
| 041 |
_aeng _2eng |
||
| 084 |
_aX:512.1 Q0 _qFMSL |
||
| 245 | 0 | _aPower brands 2010-2011 | |
| 260 |
_aIndia _bIndia, Planman Consulting Group _c2000 |
||
| 942 |
_cTB _hX:512.1 Q0 |
||
| 999 |
_c1283472 _d1283472 |
||